Кайдзен в инновационных технологиях; Информационные технологии в науке, управлении, социальной сфере и медицине; Ч. 2
| Parent link: | Информационные технологии в науке, управлении, социальной сфере и медицине: сборник научных трудов Международной конференции с международным участием , 29 апреля - 2 мая 2014 г., Томск/ Национальный исследовательский Томский политехнический университет (ТПУ).— , 2014 Ч. 2.— 2014.— [С. 116-117] |
|---|---|
| Päätekijä: | |
| Yhteenveto: | Заглавие с титульного экрана This article about future innovation system "Kaizen". |
| Kieli: | venäjä |
| Julkaistu: |
2014
|
| Sarja: | Информационные технологии в управлении производственными системами |
| Aiheet: | |
| Linkit: | http://www.lib.tpu.ru/fulltext/c/2014/C24/V2/048.pdf |
| Aineistotyyppi: | Elektroninen Kirjan osa |
| KOHA link: | https://koha.lib.tpu.ru/cgi-bin/koha/opac-detail.pl?biblionumber=608098 |
MARC
| LEADER | 00000naa2a2200000 4500 | ||
|---|---|---|---|
| 001 | 608098 | ||
| 005 | 20260317133313.0 | ||
| 035 | |a (RuTPU)RU\TPU\conf\5528 | ||
| 035 | |a RU\TPU\conf\5525 | ||
| 090 | |a 608098 | ||
| 100 | |a 20140916d2014 k y0rusy50 ca | ||
| 101 | 0 | |a rus | |
| 102 | |a RU | ||
| 135 | |a drgn ---uucaa | ||
| 181 | 0 | |a i | |
| 182 | 0 | |a b | |
| 200 | 1 | |a Кайдзен в инновационных технологиях |d Kaizen in innovation technologys |f А. А. Никитин | |
| 203 | |a Текст |c электронный | ||
| 225 | 1 | |a Информационные технологии в управлении производственными системами | |
| 300 | |a Заглавие с титульного экрана | ||
| 320 | |a [Библиогр.: с. 117 (4 назв.)] | ||
| 330 | |a This article about future innovation system "Kaizen". | ||
| 337 | |a Adobe Reader | ||
| 461 | 1 | |0 (RuTPU)RU\TPU\conf\4263 |t Информационные технологии в науке, управлении, социальной сфере и медицине |o сборник научных трудов Международной конференции с международным участием , 29 апреля - 2 мая 2014 г., Томск |o в 2 ч. |f Национальный исследовательский Томский политехнический университет (ТПУ) |d 2014 | |
| 463 | 1 | |0 (RuTPU)RU\TPU\conf\4265 |t Ч. 2 |v [С. 116-117] |d 2014 | |
| 510 | 1 | |a Kaizen in innovation technologys |z eng | |
| 610 | 1 | |a труды учёных ТПУ | |
| 610 | 1 | |a электронный ресурс | |
| 610 | 1 | |a кайдзен | |
| 610 | 1 | |a информационные технологии | |
| 610 | 1 | |a японская система | |
| 610 | 1 | |a менеджмент | |
| 610 | 1 | |a мировые рынки | |
| 700 | 1 | |a Никитин |b А. А. | |
| 801 | 2 | |a RU |b 63413507 |c 20140916 |g RCR | |
| 856 | 4 | |u http://www.lib.tpu.ru/fulltext/c/2014/C24/V2/048.pdf | |
| 942 | |c BK | ||